Bayonne - Choix multiples - Statistiques

Statistiques générales
  • Ce quiz a été pris 2 629 fois
    2 392 depuis la dernière actualisation
  • Le résultat moyen est 6 sur 10
Statistiques - réponses
Question Réponse % Correct
Quelle est la tenue traditionnelle portée pendant les Fêtes de Bayonne ? Une tenue blanche + une cinta et un foulard rouge
93%
Quel sport a rendu célèbre le club de l’Aviron Bayonnais, notamment grâce à son équipe professionnelle en Top 14 ? Le rugby
90%
Comment écrit-on "Bayonne" en basque (et aussi en gascon) ? Baiona
78%
Quelle est la garniture traditionnelle du gâteau basque ? Confiture de cerise ou crème patissière
71%
D'où provient le sel qui est utilisé pour la préparation du jambon de Bayonne ? Salies-de-Béarn
65%
Quel fleuve traverse Bayonne avant de se jeter dans l'océan Atlantique ? L'Adour
59%
Laquelle de ces photos a été prise à Bayonne ?
55%
Quelle personnalité est née à Bayonne ? Didier Deschamps
47%
Bayonne est, en France, la capitale historique d'un aliment depuis plus de 400 ans, lequel ? Le chocolat
46%
Quel personnage ouvre officiellement les Fêtes de Bayonne depuis le balcon de la mairie ? Le Roi Léon
36%
Aucun quiz correspondant
Distribution des résultats
% des personnes avec chaque résultat
Percentile par nombre de réponses
Votre historique - résultats
Vous n’avez pas pris ce quiz depuis la dernière actualisation